[Event "2018 Alberta Chess Championship"]
[Site "?"]
[Date "2018.03.31"]
[Round "3"]
[White "Banerjee, Bitan"]
[Black "Haessel, Dale"]
[Result "1-0"]
[WhiteElo "2472"]
[BlackElo "2282"]
[PlyCount "87"]
[SourceDate "2017.09.01"]

1. d4 Nf6 2. c4 g6 3. Nc3 d5 4. Nf3 Bg7 5. e3 O-O 6. Bd2 c5 7. dxc5 Na6 8. cxd5
Nxc5 9. Bc4 e6 10. dxe6 Bxe6 11. Bxe6 Nd3+ 12. Ke2 fxe6 13. Bc1 Ng4 14. Qxd3
Qxd3+ 15. Kxd3 Nxf2+ 16. Ke2 Nxh1 17. Bd2 Ng3+ 18. hxg3 Rac8 19. Nd4 Rfe8 20.
Ne4 Rc7 21. Bc3 a6 22. Rf1 e5 23. Nb3 Rf8 24. Rxf8+ Kxf8 25. Nbc5 Kg8 26. Ne6
Re7 27. Nxg7 Kxg7 28. Nc5 Kh6 29. e4 Kg5 30. Nd3 Kg4 31. Bxe5 Re8 32. Ke3 Rc8
33. Nf2+ Kh5 34. Bc3 g5 35. e5 Kg6 36. Ne4 h5 37. Nd6 Rc7 38. Ke4 b6 39. Kd5 h4
40. g4 Rc5+ 41. Ke6 b5 42. Kd7 b4 43. Bd4 Rd5 44. e6 1-0

[Event "2018 Alberta Chess Championship"]
[Site "?"]
[Date "2018.04.01"]
[Round "4"]
[White "Haessel, Dale"]
[Black "Malek, Omid"]
[Result "1/2-1/2"]
[WhiteElo "2282"]
[BlackElo "2176"]
[PlyCount "118"]
[SourceDate "2017.09.01"]

1. d4 Nf6 2. c4 e6 3. Nc3 Bb4 4. e3 b6 5. Bd3 Bb7 6. Nf3 O-O 7. O-O d5 8. a3
Bxc3 9. bxc3 Nbd7 10. cxd5 exd5 11. c4 Re8 12. a4 c5 13. Bb2 Qe7 14. a5 bxa5
15. Rxa5 dxc4 16. Bxc4 Nb6 17. Ba2 c4 18. Ba3 Qe4 19. Bc5 Nfd7 20. Bb1 Qc6 21.
Qc2 Qh6 22. Qf5 g6 23. Qg4 Qg7 24. Bd6 Nf6 25. Qh4 Nfd5 26. e4 Nc3 27. Be5 Rxe5
28. dxe5 Qf8 29. Bc2 a6 30. e6 fxe6 31. Ng5 Qe7 32. Re1 Nd7 33. Qh3 Nb5 34.
Nxe6 Re8 35. Nf4 Ne5 36. Raa1 Nd4 37. Ba4 Rf8 38. Qe3 Qg5 39. Nh3 Qf6 40. f3
Ndxf3+ 41. gxf3 Nxf3+ 42. Kg2 Qh4 43. Bd7 Qe7 44. Bg4 Nxe1+ 45. Rxe1 Qe5 46.
Nf2 h5 47. Be2 Rxf2+ 48. Kxf2 Qxh2+ 49. Kf1 Qh1+ 50. Qg1 Qxe4 51. Qg3 h4 52.
Qb8+ Kh7 53. Qh2 Qf5+ 54. Kg1 Qg5+ 55. Kf2 Qc5+ 56. Kf1 Qf5+ 57. Kg1 Qg5+ 58.
Kf2 Qf5+ 59. Kg1 Qg5+ 1/2-1/2

[Event "2018 Alberta Chess Championship"]
[Site "?"]
[Date "2018.04.01"]
[Round "4"]
[White "Arruebarrena, Rafael"]
[Black "Valencia, Belsar"]
[Result "1/2-1/2"]
[WhiteElo "2382"]
[BlackElo "2367"]
[PlyCount "86"]
[SourceDate "2017.09.01"]

1. e4 c5 2. Nf3 d6 3. d4 cxd4 4. Nxd4 Nf6 5. Nc3 Nc6 6. Bg5 e6 7. Qd2 a6 8.
O-O-O Bd7 9. f3 Rc8 10. Kb1 Be7 11. h4 Qc7 12. g4 Ne5 13. Bxf6 gxf6 14. f4 Nc4
15. Bxc4 Qxc4 16. f5 h6 17. fxe6 fxe6 18. g5 fxg5 19. e5 d5 20. hxg5 Bxg5 21.
Qh2 Rf8 22. Qh5+ Ke7 23. Rhg1 Be8 24. Qh3 Bd7 25. Nf3 Rxf3 26. Qxf3 Rf8 27. Qh3
Rf4 28. Qh5 Be8 29. Qh2 Rf5 30. Ne2 Qh4 31. Qxh4 Bxh4 32. Rg7+ Rf7 33. Rxf7+
Bxf7 34. Rh1 Bg5 35. b3 Bg6 36. Kb2 Be4 37. Rh2 Bf3 38. c4 dxc4 39. bxc4 h5 40.
Kc3 h4 41. Nd4 Be4 42. Re2 Bh1 43. Rh2 Be4 1/2-1/2

[Event "2018 Alberta Chess Championship"]
[Site "?"]
[Date "2018.04.01"]
[Round "4"]
[White "Ng, Gary"]
[Black "Banerjee, Bitan"]
[Result "0-1"]
[WhiteElo "2377"]
[BlackElo "2472"]
[PlyCount "74"]
[SourceDate "2017.09.01"]

1. d4 d6 2. e4 g6 3. Nc3 Bg7 4. Be3 a6 5. a4 Nf6 6. Be2 Nc6 7. h4 h5 8. f3 e5
9. d5 Ne7 10. Qd2 c6 11. Bc4 cxd5 12. Nxd5 Nfxd5 13. Bxd5 Nxd5 14. Qxd5 Be6 15.
Qd2 d5 16. exd5 Qxd5 17. Qxd5 Bxd5 18. O-O-O Bc6 19. a5 O-O 20. Nh3 Rfd8 21.
Bg5 Rxd1+ 22. Rxd1 e4 23. fxe4 Bxe4 24. g3 Bf5 25. Nf2 Be5 26. Nd3 Bxg3 27. Nc5
Rc8 28. b4 Kg7 29. Rd2 f6 30. Be3 Bxh4 31. Nxb7 Be1 32. Rd4 Bc3 33. Rf4 Be5 34.
Rf2 h4 35. Nc5 h3 36. Rxf5 gxf5 37. Nd3 Rc3 0-1

[Event "2018 Alberta Chess Championship"]
[Site "?"]
[Date "2018.04.01"]
[Round "5"]
[White "Banerjee, Bitan"]
[Black "Arruebarrena, Rafael"]
[Result "1-0"]
[WhiteElo "2472"]
[BlackElo "2382"]
[PlyCount "77"]
[SourceDate "2017.09.01"]

1. d4 Nf6 2. Nf3 d5 3. c4 e6 4. Nc3 Be7 5. Bg5 h6 6. Bh4 O-O 7. cxd5 exd5 8. e3
c6 9. Bd3 Nbd7 10. Qc2 Re8 11. O-O Ne4 12. Bxe7 Qxe7 13. b4 a6 14. a4 Ndf6 15.
Rab1 Bf5 16. Ne2 Bg4 17. Ne5 Bxe2 18. Bxe2 Nd7 19. Nd3 Nd6 20. a5 g6 21. Nc5
Nf8 22. Bd3 Kg7 23. Rbe1 Qf6 24. Qb2 Ne6 25. Nd7 Qe7 26. Ne5 Nf8 27. Qc2 Nd7
28. f4 f5 29. g4 Nxe5 30. fxe5 Ne4 31. gxf5 gxf5 32. Bxe4 fxe4 33. Rf6 Kh7 34.
Qf2 Rf8 35. Qf5+ Kg8 36. Kh1 Rxf6 37. exf6 Qh7 38. Rg1+ Kh8 39. Qe5 1-0

[Event "2018 Alberta Chess Championship"]
[Site "?"]
[Date "2018.04.01"]
[Round "5"]
[White "Valencia, Belsar"]
[Black "Haessel, Dale"]
[Result "0-1"]
[WhiteElo "2367"]
[BlackElo "2282"]
[PlyCount "176"]
[SourceDate "2017.09.01"]

1. Nf3 Nf6 2. c4 g6 3. Nc3 d5 4. d4 Bg7 5. cxd5 Nxd5 6. e4 Nxc3 7. bxc3 c5 8.
Be3 Qa5 9. Qd2 cxd4 10. cxd4 Qxd2+ 11. Kxd2 O-O 12. Rc1 Rd8 13. Bd3 Nc6 14. Rc4
Bg4 15. d5 Bxf3 16. dxc6 b5 17. Rb4 Bxg2 18. Rg1 a5 19. Rxb5 Bxe4 20. c7 Rxd3+
21. Ke2 Rc3 22. Rb8+ Bf8 23. Rc1 Rxc7 24. Rxf8+ Kxf8 25. Rxc7 Bd5 26. a3 a4 27.
Bc5 Re8 28. f4 f6 29. h4 Kf7 30. Ke3 Ke6 31. Bb4 h6 32. Bc5 g5 33. fxg5 hxg5
34. hxg5 fxg5 35. Ra7 Bb3 36. Bb4 Kf6 37. Rc7 e5 38. Ke4 Be6 39. Ra7 Bf5+ 40.
Ke3 Bc2 41. Rc7 Bd1 42. Rc6+ Kf5 43. Rc7 g4 44. Rf7+ Ke6 45. Rg7 Bf3 46. Ra7
Bd1 47. Rg7 Kf6 48. Rd7 Bf3 49. Ra7 Bc6 50. Ra6 Rc8 51. Be1 Kf5 52. Bh4 Rc7 53.
Ra5 Rb7 54. Rc5 Rb3+ 55. Kd2 Bb5 56. Rc3 Rb2+ 57. Rc2 Rb1 58. Rc1 Rxc1 59. Kxc1
Kf4 60. Kd2 g3 61. Bd8 Kf3 62. Bc7 e4 63. Bb6 Bd3 64. Ke1 Kg2 65. Bc7 Kh3 66.
Bd6 Kg4 67. Bc7 Kf3 68. Bd6 e3 69. Bc7 Bf5 70. Bd6 g2 71. Bh2 Ke4 72. Bg1 Kd3
73. Bh2 Be4 74. Bg1 Bd5 75. Bh2 Bf3 76. Bg1 e2 77. Bf2 Kc2 78. Bg1 Kb3 79. Bc5
Kc2 80. Bg1 Kd3 81. Bf2 Bd5 82. Be3 Bc4 83. Bg1 Kc2 84. Bc5 Kb3 85. Kd2 Kb2 86.
Ke1 g1=Q+ 87. Bxg1 Kxa3 88. Kd2 Ka2 0-1

[Event "2018 Alberta Chess Championship"]
[Site "?"]
[Date "2018.04.01"]
[Round "5"]
[White "Malek, Omid"]
[Black "Ng, Gary"]
[Result "0-1"]
[WhiteElo "2176"]
[BlackElo "2377"]
[PlyCount "82"]
[SourceDate "2017.09.01"]

1. d4 Nf6 2. Bg5 d5 3. e3 c5 4. Bxf6 gxf6 5. dxc5 e6 6. c4 dxc4 7. Nd2 c3 8.
bxc3 Bxc5 9. Qc2 Qc7 10. Ngf3 b6 11. Ne4 Be7 12. Bb5+ Nd7 13. O-O O-O 14. Rfd1
a6 15. Bd3 Rd8 16. Ng3 Nf8 17. Be4 Bb7 18. Bxb7 Qxb7 19. h4 Qc7 20. Rac1 Rxd1+
21. Rxd1 Rc8 22. Ne2 b5 23. Rd3 f5 24. Nd2 Bxh4 25. e4 f4 26. Rh3 Ng6 27. Nf3
Bf6 28. e5 Bxe5 29. Ng5 Qe7 30. Rh5 Rc4 31. Qd3 Qd6 32. Qb1 Bg7 33. Ne4 Qc6 34.
f3 f5 35. Nd2 Qb6+ 36. Kf1 Rc6 37. Nb3 Qe3 38. Qd1 Qb6 39. Qe1 Rd6 40. a3 Qd8
41. Nbd4 e5 0-1